20長野県の市町村(選択形式) - Statistics

General Stats
  • This quiz has been taken 23 times
  • The average score is 50 of 77
Answers on the Map
Answers color-coded by a green-red scale on the quiz's map according to % correct below.
 
Answer Stats
Answer % Correct
07:須坂市
90%
01:長野市
81%
02:松本市
81%
03:上田市
76%
05:飯田市
76%
12:大町市
76%
15:塩尻市
76%
19:安曇野市
76%
23:南相木村
76%
24:北相木村
76%
26:軽井沢町
76%
27:御代田町
76%
28:立科町
76%
32:富士見町
76%
33:原村
76%
37:南箕輪村
76%
66:白馬村
76%
74:信濃町
76%
06:諏訪市
71%
09:伊那市
71%
14:茅野市
71%
22:南牧村
71%
25:佐久穂町
71%
30:長和町
71%
67:小谷村
71%
68:坂城町
71%
69:小布施町
71%
73:野沢温泉村
71%
77:栄村
71%
04:岡谷市
67%
08:小諸市
67%
10:駒ヶ根市
67%
16:佐久市
67%
18:東御市
67%
29:青木村
67%
34:辰野町
67%
35:箕輪町
67%
39:宮田村
67%
48:天龍村
67%
52:大鹿村
67%
61:山形村
67%
75:小川村
67%
11:中野市
62%
13:飯山市
62%
20:小海町
62%
21:川上村
62%
45:根羽村
62%
55:木祖村
62%
59:麻績村
62%
62:朝日村
62%
63:筑北村
62%
71:山ノ内町
62%
72:木島平村
62%
17:千曲市
57%
31:下諏訪町
57%
40:松川町
57%
43:阿智村
57%
47:売木村
57%
53:上松町
57%
54:南木曽町
57%
56:王滝村
57%
58:木曽町
57%
60:生坂村
57%
76:飯綱町
57%
36:飯島町
52%
38:中川村
52%
41:高森町
52%
49:泰阜村
52%
57:大桑村
52%
64:池田町
52%
65:松川村
52%
70:高山村
52%
42:阿南町
48%
44:平谷村
48%
46:下條村
48%
50:喬木村
48%
51:豊丘村
43%
No matching quizzes found
Score Distribution
Percent of People with Each Score
Percentile by Number Answered
Your Score History
You have not taken this quiz